01129nam a22001935i 4500001000700000003000900007005001700016008004100033040003000074100005600104245009700160260006300257300002100320500013700341596013300478852018200611999001900793952012300812157131ES-MaACL20250824063054.0991021s1858 sp |||| | spa d aCCPB | B bspa cCCPB | B1 aLarra y Wetoret, Luis Mariano de,d1830-190197028913aEl rey del mundo b: comedia en tres actos y en verso / coriginal de Luis Mariano de Larra. aMadrid : b[s.n.], c1858 (fImprenta de José Rodriguez) a83 p. ; c20 cm. aEn port.: Representada por primera vez en el teatro del Circo el 2 de Abril de 1858, á beneficio del primer actor D. Julian Romea. aEdic.: En verso de la port. consta: "Los corresponsales del Sr. Gullon, editor de la galeria lírico-dramática El Teatro ..." aES-MaACLjF-8609(6) z-- Enc. pasta española q-- Falto de la cub. originalz.- Enc. en un vol. facticio formando parte de la col. facticia "Teatro español moderno", vol. 64 c157131d157131 001040708LIBXIXaATENEOMbATENEOMcSPP2d2008-01-17l0oF-8609(6)p1164407r2023-02-23 00:00:00w2023-02-23yMONANT